Allgemeinwissen-Quiz #58 - Statistiken

Allgemein
  • Dieses Quiz wurde 58 mal gespielt
  • Das Durchschnittsergebnis liegt bei 12 aus 20
Antwortstatistiken
Frage Antwort % Korrekt
Welche Marke ist besonders bekannt für ihre Spielzeugautos?
90%
Welche Beschreibung passt am besten zur Plattform Airbnb? Eine Plattform zur Vermietung und Buchung von privaten Unterkünften
88%
Was ergibt der Ausdruck: 2 + 2 + 3 × (5 + 5)? 34
80%
Wie heissen die beiden einzigen natürlichen Elemente, die unter Normbedingungen flüssig sind? Brom & Quecksilber
76%
Wo trifft man am ehesten auf den Begriff "Punto Banco"? In einem Casino
76%
Was bedeutet das englische Wort "audience" auf Deutsch? Publikum
76%
Wie werden weibliche Wildschweine genannt? Bachen
75%
Von welchem Land wird das Land Gambia fast vollständig umschlossen? Senegal
73%
Wer malte das Gemälde "Klatschmohn in der Gegend von Argenteuil"? Claude Monet
67%
Wie lautet die Aviatik-Abkürzung (IATA-Code) für den Flughafen Frankfurt am Main? FRA
63%
Auf welcher Insel verstarb Napoleon Bonaparte? St. Helena
61%
Welches Bild zeigt einen Nacktkiemer?
55%
Aus welchem Lied stammen die Lyrics: "On a dark desert highway, cool wind in my hair Warm smell of colitas rising up through the air"? Hotel California – Eagles
45%
Auf welchem Bild sehen wir das Pokémon Charizard?
43%
Für welchen Wettkampf ist der Rotsee im Herzen der Schweiz bekannt? Rudern
41%
Im Film "Der Pate" – welcher Schauspieler spielt die Rolle des Michael Corleone? Al Pacino
37%
Für welches Team spielt der Wide Receiver Amon Ra St. Brown?
33%
Wo bewegt sich der "Dassault Rafale" am ehesten? In der Luft
33%
Von wem stammt das Zitat: "Der grösste Ruhm im Leben liegt nicht im Fallen, sondern im Aufstehen, wenn wir fallen"? Nelson Mandela
31%
Welcher CS:GO-Skin gilt als der teuerste und begehrteste, mit Verkaufspreisen von bis zu 400.000 USD? AWP | Dragon Lore
27%
Keine übereinstimmenden Quizze gefunden
Verteilung der Resultate
Anzahl Personen mit jedem Resultat
Perzentil nach korrekt beantworteten Fragen
Ihre Resultats-Entwicklung
Sie haben dieses Quiz noch nicht gespielt